| 000 -LEADER |
| fixed length control field |
00415nam a2200169Ia 4500 |
| 003 - CONTROL NUMBER IDENTIFIER |
| control field |
OSt |
| 005 - DATE AND TIME OF LATEST TRANSACTION |
| control field |
20220316131603.0 |
| 008 - FIXED-LENGTH DATA ELEMENTS--GENERAL INFORMATION |
| fixed length control field |
220308s9999 xx 000 0 und d |
| 020 ## - INTERNATIONAL STANDARD BOOK NUMBER |
| International Standard Book Number |
9780670844661 |
| 082 ## - DEWEY DECIMAL CLASSIFICATION NUMBER |
| Classification number |
722.8 |
| Item number |
ROB |
| 100 ## - MAIN ENTRY--PERSONAL NAME |
| Personal name |
Robert Adam |
| 245 #0 - TITLE STATEMENT |
| Title |
Classical Architecture/A complete handbook |
| 260 ## - PUBLICATION, DISTRIBUTION, ETC. (IMPRINT) |
| Name of publisher, distributor, etc |
Viking; New edition (29 October 1992) |
| 365 ## - TRADE PRICE |
| Price type code |
USD |
| 365 ## - TRADE PRICE |
| Unit of pricing |
74.95 |
| 942 ## - ADDED ENTRY ELEMENTS (KOHA) |
| Source of classification or shelving scheme |
|